000 00382nam a22001097a 4500
008 230612b xxu||||| |||| 00| 0 eng d
082 _a354.676
_bGOK
245 _a2009/2010 Estimates of Recurrent Expenditure of the Government of Kenya for the Year Ending 30th June 2010
_cGovernment of Kenya
260 _aNairobi
_bGovernment of Kenya
_cJune 2009
300 _a1112 p
942 _2ddc
_cBK
999 _c1029
_d1029